Truska, Liudas. Antanas Smetona ir jo laikai. - Vilnius. - 1996 [Rezension]
| Titel: | Truska, Liudas. Antanas Smetona ir jo laikai. - Vilnius. - 1996 [Rezension] |
|---|---|
| Verfasser: | |
| In: |
Studia z dziejów Rosji i Europy Środkowo-Wschodniej, Band 32 (1997), Seite p. 235-238 alle Artikel anzeigen |
| Veröffentlicht: | 1997 |
| Format: | Aufsatz |
| Sprache: | Keine Angabe |
X
alg: 39496985 001A $01999:12-11-16 001B $01999:04-08-21 $t21:00:45.000 001D $01999:12-11-16 001U $0utf8 001X $00 002@ $0Aox 003@ $0394969855 007A $0394969855 $aHEB 007T $0Herdc0011193v 010@ $axxx 011@ $a1997 021A $aTruska, Liudas. Antanas Smetona ir jo laikai. - Vilnius. - 1996 [Rezension] 028A $7124076017 $8Łossowski, Piotr$Z1925- [Tp1] $9154840602 031A $d32 $hp. 235-238 $j1997 039B $aIn $8--Abvc--. Studia z dziejów Rosji i Europy Środkowo-Wschodniej. - Warszawa : Wydawn. Naukowe Semper, 1992-. - ISSN 1230-5057 $x199700000320000765 $9048641332 039T $8--Aau--Truska, Liudas$Z1937- [Tp1]. Antanas Smetona ir jo laikai. - Vilnius : Valstybinis leidybos centras, 1996. - 411 Seiten. - ISBN 9986-09-105-5 $9395456398 045F $a900.94793 $eDDC23BSB 045F/01 $a900 045F/03 $g4793 045T $a7,41 lok: 39496985 78 exp: 39496985 78 1 #EPN 201B/01 $018-11-16 $t13:18:08.000 201U/01 $0utf8 203@/01 $0791268446 208@/01 $a12-11-16 $be 209A/01 $a/ $f000 $x00 220C/01 $aHerkunft: LII Vilnius / Irena Tumelytė 244Z/01 $2Trx $#Litauen $#Lithuania $#Litwa $#Litva $#Litva $8--Trx--Lietuva $x01 $9391193457 244Z/01 $2Trx $#arvustused $#recenzijos $#Reviews $#recenziók $#recenzje $#recenzie $#recenze $8--Trx--Rezensionen $x02 $9391357441 247C/01 $82080>Marburg/Lahn, Herder-Institut, Forschungsbibliothek, Bibliographieportal $9336309341
| LEADER | 00000caa a22000002c 4500 | ||
|---|---|---|---|
| 001 | 394969855 | ||
| 003 | DE-603 | ||
| 005 | 20210804210045.0 | ||
| 007 | tu | ||
| 008 | 161112s1997 xx |||| | u00||u|xxx c | ||
| 035 | |a (DE-599)HEB394969855 | ||
| 040 | |a DE-603 |b ger |c DE-603 |d DE-603 | ||
| 041 | |a xxx | ||
| 082 | 0 | 4 | |8 1\u |a 900.94793 |q DE-101 |2 23/BSB |
| 084 | |a 7,41 |2 ssgn | ||
| 085 | |8 1\u |b 900 | ||
| 085 | |8 1\u |z 2 |s 4793 | ||
| 100 | 1 | |a Łossowski, Piotr |d 1925- |0 (DE-603)154840602 |0 (DE-588)124076017 |2 gnd | |
| 245 | 0 | 0 | |a Truska, Liudas. Antanas Smetona ir jo laikai. - Vilnius. - 1996 [Rezension] |
| 264 | 0 | |c 1997 | |
| 773 | 0 | 8 | |i In |t Studia z dziejów Rosji i Europy Środkowo-Wschodniej |d Warszawa : Wydawn. Naukowe Semper, 1992- |x 1230-5057 |g Band 32 (1997), Seite p. 235-238 |w (DE-603)048641332 |w (DE-600)1176803-4 |
| 787 | 0 | 8 | |i Rezension von |a Truska, Liudas, 1937- |t Antanas Smetona ir jo laikai |d Vilnius : Valstybinis leidybos centras, 1996 |h 411 Seiten |z 9986091055 |w (DE-603)395456398 |
| 924 | 0 | |9 2080 |a (DE-603)791268446 |b DE-2080 |c HES |d d |g / | |


